Normal view
MARC view
- NEURAL NETWORKS - COMPUTER SCIENCE , SELF ORGANIZING SYSTEMS.TOPOGRAPHIC MAPS
Entry Topical Term
001 - CONTROL NUMBER
- control field: 60903
003 - CONTROL NUMBER IDENTIFIER
- control field: NUST
005 - DATE AND TIME OF LATEST TRANSACTION
- control field: 20210628202640.0
008 - FIXED-LENGTH DATA ELEMENTS
- fixed length control field: 210628|| aca||aabn | a|a d
040 ## - CATALOGING SOURCE
- Original cataloging agency: NUST
- Transcribing agency: NUST
150 ## - HEADING--TOPICAL TERM
- Topical term or geographic name entry element: NEURAL NETWORKS - COMPUTER SCIENCE , SELF ORGANIZING SYSTEMS.TOPOGRAPHIC MAPS
670 ## - SOURCE DATA FOUND
- Source citation: Work cat.: (NUST): Hulle, Marc M Van Van Hulle, Marc M 60902, Faithful representations and topographic maps, from distortion to inform;ation based self organization, 2000
